Saône-et-Loire - mort subite - Statistiques

Statistiques générales
  • Ce quiz a été pris 37 fois
    30 depuis la dernière actualisation
  • Le résultat moyen est 9 sur 18
Answers on the Grid
Answers color-coded by a green-red scale on the quiz's grid according to % correct below.
Pouilly-Fuissé AOC
Beaune
Chalon-sur-Saône
Montceau-les-Mines
Clermont-Ferrand
Roanne
Awassa
Avignon
Padoue
Mennecy
Protée
Le canal du Centre
Mérida
Saint-Laurent-sur-Saône
Porte de Pantin
Juiz de Fora
Autun
Bottrop
Landerneau
Malang
Le Creusot
Tournus
Le site d'une bataille de 1814
Perelle
Mercurey
Une ville détruite par les Sarassins en 732
Domaine Nadine Ferrand
Mâcon
Bouc-Bel-Air
Le Doubs
Ares Vallis
L'ancienne capitale de Bourgogne
Cave de Lugny
Domaine Fichet
Le site de la première photographie de l'histoire
Une ville assiégée par la France en 1478
 
Statistiques - réponses
Réponse % Correct
Chalon-sur-Saône
88%
Mâcon
75%
Pouilly-Fuissé AOC
75%
Montceau-les-Mines
71%
Le Creusot
63%
Saint-Loup de Varennes, Joseph Nicéphore Niépce Le site de la première photographie de l'histoire
63%
Tournus
63%
Autun
58%
Village important de vignobles Mercurey
46%
Royaume de Bourgogne (534-843) - Orléans était la capitale officielle mais le siège était Chalon-sur-Saône L'ancienne capitale de Bourgogne
42%
Chalon-sur-Saône Une ville détruite par les Sarassins en 732
42%
Cave de Lugny
38%
Relie la Saône et la Loire Le canal du Centre
38%
Mâcon Domaine Nadine Ferrand
33%
France-Autriche Le site d'une bataille de 1814
29%
Chalon a été assiégé par les troupes de Louis XI, puis a appartenu à la couronne de France, après avoir appartenu aux ducs de Bourgogne Une ville assiégée par la France en 1478
25%
Vignoble (Igé) Domaine Fichet
21%
Le Doubs
17%
Aucun quiz correspondant
Distribution des résultats
% des personnes avec chaque résultat
Percentile par nombre de réponses
Votre historique - résultats
Vous n’avez pas pris ce quiz depuis la dernière actualisation